[Event "Prague Golden U20 Rapid op 19th"]
[Site "Prague"]
[Date "2024.06.22"]
[Round "4"]
[White "Kner, Matous"]
[Black "Knop, Matej"]
[Result "1/2-1/2"]
[WhiteElo "1566"]
[BlackElo "1524"]
[PlyCount "84"]
[EventDate "2024.06.22"]
[EventType "swiss (rapid)"]
[EventRounds "7"]
[EventCountry "CZE"]
[SourceTitle "EXT 2025"]
[Source "ChessBase"]
[SourceDate "2024.10.14"]
[SourceVersion "1"]
[SourceVersionDate "2024.10.14"]
[SourceQuality "1"]

1. Nf3 c5 2. c4 Nf6 3. g3 g6 4. Bg2 Bg7 5. Nc3 Nc6 6. 0-0 e6 7. d3 Qe7 8. Bf4 e5 9. Bg5 d6 10. Qd2 h6 11. Bxf6 Qxf6 12. a3 Be6 13. Ne4 Qe7 14. Rfb1 b6 15. b4 0-0 16. Nc3 Qd7 17. Qc2 Rfe8 18. e3 Rab8 19. Nd2 h5 20. Nde4 f5 21. Ng5 Bf6 22. Nxe6 Rxe6 23. Bd5 Kg7 24. Bxe6 Qxe6 25. Nd5 Bd8 26. b5 Ne7 27. Nxe7 Bxe7 28. a4 Bd8 29. Qe2 Bc7 30. d4 exd4 31. Re1 Re8 32. f4 Qxe3+ 33. Qxe3 Rxe3 34. Rxe3 dxe3 35. Re1 Kf7 36. Rxe3 Bd8 37. Ra3 Bc7 38. Kf2 Ke6 39. Kf3 Kf6 40. h4 Kf7 41. Rd3 Ke7 42. Ra3 Ke6 1/2-1/2

[Event "Prague Golden U20 Rapid op 19th"]
[Site "Prague"]
[Date "2024.06.22"]
[Round "3"]
[White "Shamian, Artur"]
[Black "Kner, Matous"]
[Result "1-0"]
[WhiteElo "2056"]
[BlackElo "1566"]
[PlyCount "33"]
[EventDate "2024.06.22"]
[EventType "swiss (rapid)"]
[EventRounds "7"]
[EventCountry "CZE"]
[SourceTitle "EXT 2025"]
[Source "ChessBase"]
[SourceDate "2024.10.14"]
[SourceVersion "1"]
[SourceVersionDate "2024.10.14"]
[SourceQuality "1"]

1. d4 d5 2. Bf4 Bf5 3. c4 e6 4. Nc3 Nf6 5. e3 Bd6 6. Bg5 c6 7. Nf3 Nbd7 8. Bd3 Bg4 9. cxd5 exd5 10. 0-0 Qc7 11. h3 Bh5 12. Rc1 0-0-0 13. Nb5 Qb8 14. Qa4 a6 15. Nxd6+ Qxd6 16. Bf4 Qe6 17. Rxc6+ 1-0